000
00277nam a22001217a 4500
100
_a
Pradeep, B.
245
_a
Rubber thottangalude mappinginu dronukal
260
_b
Rubber, 696(May). 2024. 16-18
300
_b
Malayalam
650
_a
Mapping
650
_a
Drone
942
_c
JS
999
_c
75301
_d
75301